|
|
|
|
| LEADER |
00000nam0a2200000 4500 |
| 001 |
301274 |
| 005 |
20231102001402.0 |
| 020 |
|
|
|a RU
|b 87-92912
|
| 035 |
|
|
|a (RuTPU)RU\TPU\book\326446
|
| 035 |
|
|
|a RU\TPU\book\278702
|
| 090 |
|
|
|a 301274
|
| 100 |
|
|
|a 20150728d1983 km y0rusy5003 ca
|
| 101 |
0 |
|
|a rus
|
| 102 |
|
|
|a UA
|
| 105 |
|
|
|a y z 000zy
|
| 200 |
1 |
|
|a Экономическая эффективность капитальных вложений
|f В. Ф. Бабак, И. Н. Перепечин
|
| 210 |
|
|
|a Киев
|c Будiвельник
|d 1983
|
| 215 |
|
|
|a 127 с.
|
| 225 |
1 |
|
|a Библиотека строителя
|i Экономика строительства
|
| 606 |
1 |
|
|a Капитальные вложения
|x Экономическая эффективность
|2 stltpush
|3 (RuTPU)RU\TPU\subj\13802
|9 40364
|
| 610 |
1 |
|
|a капитальное строительство
|
| 610 |
1 |
|
|a управление
|
| 610 |
1 |
|
|a планирование
|
| 610 |
1 |
|
|a стимулирование
|
| 610 |
1 |
|
|a научно-технический прогресс
|
| 610 |
1 |
|
|a проектирование
|
| 610 |
1 |
|
|a расчет
|
| 675 |
|
|
|a 69:658.152
|z rus
|v 4
|
| 700 |
|
1 |
|a Бабак
|b В. Ф.
|g Василий Федорович
|4 070
|
| 701 |
|
1 |
|a Перепечин
|b И. Н.
|g Игорь Николаевич
|4 070
|
| 801 |
|
0 |
|a RU
|b 63413507
|c 19950417
|g psbo
|
| 801 |
|
1 |
|a RU
|b 63413507
|c 20140404
|
| 801 |
|
2 |
|a RU
|b 63413507
|c 20170808
|g RCR
|
| 942 |
|
|
|c BK
|